| 000 | 00517nam a2200181Ia 4500 | ||
|---|---|---|---|
| 001 | 5007 | ||
| 005 | 20260306145836.0 | ||
| 008 | 260306t2010||||xx |||||||||||||| ||spa|| | ||
| 041 | _aESP | ||
| 082 |
_a332.6 _b2010 R63 |
||
| 100 |
_aRíos Zarzosa, Héctor _eAUT |
||
| 245 | 0 |
_aManual de proyectos de inversión privada y pública: _bcomo formular y evaluar proyectos de inversión paso a paso |
|
| 260 | _c2010 | ||
| 300 |
_a1072 páginas : _c24 cm. |
||
| 650 | _aGEN | ||
| 654 | _aCAN | ||
| 942 |
_cLIB _dJUS _fJUS _2ddc _n |
||
| 999 |
_c5007 _d5007 |
||